[Event "ISR-chT"]
[Site "Ramat Aviv"]
[Date "2000.04.28"]
[Round "9.2"]
[White "Huzman, Alexander"]
[Black "Boim, Inon"]
[Result "0-1"]
[WhiteElo "2574"]
[BlackElo "2424"]
[Annotator "Finkel,A"]
[PlyCount "62"]
[EventDate "2000.01.14"]
[EventType "team"]
[EventRounds "11"]
[EventCountry "ISR"]
[SourceTitle "CBM 077"]
[Source "ChessBase"]
[SourceDate "2000.07.27"]
[SourceVersion "1"]
[SourceVersionDate "2000.07.27"]
[SourceQuality "1"]
[WhiteTeam "Beer Sheva"]
[BlackTeam "Petah Tikva Hapoel"]
[WhiteTeamCountry "ISR"]
[BlackTeamCountry "ISR"]

1. d4 c5 2. d5 e5 3. e4 d6 4. Nc3 a6 5. f4 $5 {On my opinion very strong and
dangerous for black continuation.} exf4 6. Bxf4 Be7 7. Nf3 (7. e5 $5 dxe5 8.
Bxe5 Bf6 9. Qe2 Qe7 10. Bxf6 Nxf6 11. O-O-O Qxe2 12. Bxe2 Nbd7 13. g4 h6 14.
Nh3 Ne5 15. Nf2 $14 {Drill,F-Berebora,F/Berliner Sommer 1997}) 7... Bg4 8. Be2
Bxf3 (8... Nf6 9. Nd2 Nh5 10. Be3 Bxe2 11. Qxe2 Bg5 12. Bxg5 Qxg5 13. O-O g6
14. Nc4 $16 {Nestorovic,D-Kosanovic,G/JUG-ch op 1996}) 9. gxf3 Bf6 ({Doesn't
work} 9... Bh4+ 10. Bg3 Qg5 11. Rg1 Nf6 12. Qd2 Qxd2+ 13. Kxd2 Bxg3 14. hxg3
$14 {and white has comfortable advantage.}) 10. Qd2 Ne7 11. Bg3 O-O 12. Nd1 (
12. O-O-O b5 13. Rde1 Ng6 14. f4 Qa5 15. Kb1 $14 {[%cal Gh2h5]}) 12... Ng6 13.
c3 Be5 14. Nf2 (14. f4 $2 Nxf4 15. Bxf4 Qh4+ 16. Bg3 Bxg3+ 17. hxg3 Qxh1+ $19)
14... h5 15. f4 (15. O-O-O $5 h4 16. Bxe5 dxe5 17. Nd3 c4 $5 (17... Qe7) 18.
Nb4 b5 19. Rhg1 Nf4 20. Bf1 a5 21. Nc2 Nd7 22. Ne3 Nc5 23. Nf5 $14) 15... h4
16. fxe5 hxg3 17. hxg3 Nxe5 18. O-O-O $36 {[%csl Rg8][%cal Gh1h4,Gd1h1] The
position of black king is exposed and white easily creates dangerous threats.}
Nbd7 19. Rh2 Ng6 20. Rdh1 Re8 21. Nd3 (21. Bh5 Ndf8 (21... Nge5 $2 22. Bg4 Ng6
23. Bf5 $1 Ndf8 24. Nd3 $16 {[%cal Gd3f4]}) 22. Bxg6 Nxg6 23. Rh7 Re5 24. Kb1
Qg5 25. Qd3 Rae8 26. Qf3 $36) (21. Bg4 $1 $16 {[%cal Gg4f5,Gf2d3,Gd3f4]}) 21...
Ndf8 22. Nf4 Qg5 $5 23. Bd3 (23. Qe3) 23... Qxg3 24. Nxg6 $5 (24. e5 $6 {
[%cal Gd3g6]} dxe5 25. Nxg6 Nxg6 26. Bxg6 fxg6 27. Rh8+ Kf7 28. Rf1+ Ke7 29.
d6+ Ke6 $13) (24. Rh3 $5 Qg5 (24... Qg4) 25. Rh5 Qg3 (25... Qf6 $2 26. Qh2 $1
$18 {[%csl Rg8][%cal Gh5h8]}) 26. R1h3 Qg1+ 27. Kc2 b5 $132) 24... fxg6 25. Rg2
$6 {Missing the right way:} (25. Rh8+ $1 Kf7 26. Rf1+ Ke7 27. Rg8 Nd7 (27...
Qe5 28. Qf2 $18 {[%cal Gf2f7]}) 28. Rxg7+ Kd8 29. Bc2 $1 $16) 25... Qf3 26.
Rgh2 Nd7 27. Rh3 (27. Rh8+ Kf7 28. R8h3 Qg4 29. Rh4 Qg3 $17 {[%cal Gg3e5,Gd7f6]
}) 27... Qg4 28. e5 $2 {This move is mistake after which black has much better
chanses.} (28. Qf2 $5 Nf6 29. Rg3 (29. Rh8+ Kf7 30. R8h4 Qg5+ 31. Kb1 Qe5 $17)
29... Nxe4 30. Bxe4 Qxe4 31. Rgh3 Qf5 32. Qg2 $36 {[%csl Rg8]}) 28... Nxe5 29.
Be2 Qg2 30. Qf4 Nf7 31. Bg4 $2 (31. R3h2 Qe4 32. Qxe4 Rxe4 33. Bd3 Rg4 $17 {
[%cal Ga8e8,Gf7e5]}) 31... Re4 {[%csl Rg4]} (31... Re4 32. Be6 Qxh1+ $1 33.
Rxh1 Rxf4 $19) 0-1

[Event "GER-ch 75th"]
[Site "Hoeckendorf"]
[Date "2004.02.05"]
[Round "7"]
[White "Braun, Arik"]
[Black "Meister, Jakob"]
[Result "1-0"]
[WhiteElo "2429"]
[BlackElo "2488"]
[Annotator "Finkel,A"]
[PlyCount "149"]
[EventDate "2004.01.30"]
[EventType "swiss"]
[EventRounds "9"]
[EventCountry "GER"]
[SourceTitle "CBM 100"]
[Source "ChessBase"]
[SourceDate "2004.06.01"]
[SourceVersion "1"]
[SourceVersionDate "2004.06.01"]
[SourceQuality "1"]

1. d4 c5 2. d5 e5 3. e4 d6 4. c4 Be7 5. Nc3 Bg5 6. Qa4+ Bd7 {Another popular
reply in this position is 7...Kf8, but I don't see any reason why black should
give up the right to castle if he isn't forced to.} (6... Kf8 7. Bxg5 (7. Nf3
Bxc1 8. Rxc1 Nd7 9. Be2 a6 10. O-O g5 11. b4 Kg7 12. Nd2 Ngf6 13. a3 $14 {
Li Zunian-Ljubojevic,L/Luzern 1982}) (7. Nge2 Bxc1 8. Nxc1 g6 9. Nd3 Kg7 10. g3
Na6 11. a3 Bd7 12. Qc2 Nh6 13. b4 Rc8 $13 {Gyimesi,Z-Malakhov,V/Budapest 1995})
7... Qxg5 8. Nb5 (8. g3 g6 9. h4 Qe7 10. h5 Kg7 11. hxg6 hxg6 12. Rxh8 Kxh8 13.
O-O-O Nd7 14. Bh3 Kg7 15. Kb1 Nh6 16. Qc2 a6 $13 {Paterek,M-Dziuba,M/
Jarnoltowek 2003}) 8... Bd7 9. Qb3 Bxb5 10. Qxb5 Qe7 11. Bd3 Qc7 12. Ne2 Nf6
13. O-O Nbd7 14. Ng3 h5 $13 {Gruenfeld,Y-Zueger,B/Biel 1981}) 7. Bxg5 Qxg5 8.
Qb3 b6 (8... Bc8 $5 9. Qa4+ Kf8 10. b4 Na6 11. a3 Nf6 12. Nge2 Qg6 13. Ng3 $6
h5 14. h4 Ng4 $132 {Amura,C-Lalic,S/Thessaloniki 1988}) 9. g3 Qd8 (9... Qg6 10.
Nf3 Nf6 11. Nh4 Qh6 12. Bg2 O-O 13. O-O $14) 10. Bg2 Nf6 11. Nge2 h5 12. h4 Na6
13. Nb5 Bc8 14. O-O {More ambitious was} (14. O-O-O $5 {even though putting
the king on the queenside would give black good counterchances.}) 14... Nc7 15.
a4 a6 16. Nxc7+ Qxc7 17. a5 Rb8 18. Qc3 O-O 19. axb6 Rxb6 20. Rfb1 Bg4 (20...
Bd7 21. Nc1 Rfb8 22. Ra3 Qb7 23. Nd3 Rb3 24. Qxb3 Qxb3 25. Rxb3 Rxb3 26. Nc1
$11) 21. Nc1 Rfb8 22. f3 Bc8 23. Ra3 Rb4 24. Nd3 Qb6 25. Rba1 Rb3 26. Qc1 Rxa3
27. Rxa3 a5 28. Bf1 $5 {[%cal Gf1e2,Ge2d1,Gd1a4] The white bishop is starting
a long journey to a4!} (28. Qc3 Ra8 29. f4 exf4 30. gxf4 Qd8 31. e5 Ng4 32. Qe1
Bf5 $132) 28... Qc7 29. Be2 Bd7 30. Bd1 Ra8 31. Kg2 Qd8 32. Ba4 Bxa4 33. Rxa4
Nd7 34. Qc3 Ra7 35. Ne1 g6 36. Nc2 f5 37. exf5 gxf5 38. Ne3 f4 39. Nf5 Qf6 $6 (
39... Nb6 40. Ra1 fxg3 $132) 40. g4 hxg4 41. fxg4 e4 (41... Rb7 42. Rxa5 e4 43.
Qxf6 Nxf6 44. Rb5 $18) 42. Qxf6 Nxf6 43. Nxd6 Ra6 44. Nxe4 $1 $18 {This move
is a killer. The black knight is helpless against white passers.} Nxe4 45. Kf3
Nd2+ (45... Nf6 46. Kxf4 Nd7 47. Ra1 a4 48. g5) 46. Kxf4 Rf6+ 47. Ke5 Kf7 48.
d6 Rf3 49. h5 Rh3 50. Kd5 Nb3 51. Ra3 Rd3+ 52. Kc6 Ke6 53. Kb5 Nd4+ 54. Kxc5
Nb3+ 55. Kb5 Nd4+ 56. Kb6 Rd2 57. Kc7 Kf6 58. Rxa5 Rxb2 59. d7 Ne6+ 60. Kc8 Rc2
61. d8=Q+ Nxd8 62. Kxd8 Rxc4 63. g5+ Kg7 64. Ra7+ Kg8 65. Ke7 Rc6 66. Rd7 Kg7
67. h6+ Kh7 68. Rd6 Rc1 69. Kf7 Rf1+ 70. Rf6 Rg1 71. g6+ Kxh6 72. Rf2 Ra1 73.
Rh2+ Kg5 74. Rg2+ Kh6 75. g7 1-0

[Event "Donner Memorial"]
[Site "Amsterdam"]
[Date "1996.08.18"]
[Round "2"]
[White "Sokolov, Ivan"]
[Black "Morozevich, Alexander"]
[Result "1/2-1/2"]
[WhiteElo "2670"]
[BlackElo "2610"]
[Annotator "Hecht,H"]
[PlyCount "125"]
[EventDate "1996.08.17"]
[EventType "tourn"]
[EventRounds "11"]
[EventCountry "NED"]
[EventCategory "16"]
[SourceTitle "CBM 055"]
[Source "ChessBase"]
[SourceDate "1996.12.01"]
[SourceVersion "1"]
[SourceVersionDate "1996.12.01"]
[SourceQuality "1"]

1. d4 c5 2. d5 e5 3. e4 d6 4. Nc3 a6 5. a4 g6 6. Be2 h5 7. Nf3 Bh6 8. O-O Bxc1
9. Qxc1 Bg4 10. Ng5 Bxe2 11. Nxe2 Qe7 12. Rb1 Nd7 13. h3 h4 14. f4 Rh5 15. Nf3
Ngf6 16. Nc3 Kf8 17. Qe3 Kg8 18. f5 gxf5 19. exf5 Kh8 20. a5 Rg8 21. b4 Qf8 22.
b5 Rg3 23. Ne2 Rg7 24. bxa6 bxa6 25. c4 Qg8 26. Rf2 Qd8 27. Nd2 Qxa5 28. Nc3
Qa3 29. Rb3 Qc1+ 30. Nf1 Qxe3 31. Nxe3 Rhg5 32. Ra2 e4 33. Rxa6 Rg3 34. Kf2 Ne5
35. Ncd1 Nxc4 36. Rb8+ Kh7 37. Nxc4 Rxg2+ 38. Ke1 Rh2 39. Nce3 Rg1+ 40. Nf1
Nxd5 41. Raa8 Nf4 42. Nde3 Re2+ 43. Kd1 Rh1 44. Rh8+ Kg7 45. Rag8+ Kf6 46. Rh6+
Ke7 47. Rxh4 Rf2 48. Rgg4 Rhxf1+ 49. Nxf1 Rxf1+ {[#] gegen schwarze Freibauern
nette Remiskombi durch Dauerschach} 50. Kd2 e3+ 51. Kxe3 Nd5+ 52. Kd2 Rxf5 53.
Re4+ Kd7 54. Rh8 Rf2+ 55. Re2 Rf3 56. h4 c4 57. Rb8 Kc7 58. Rf8 c3+ (58... Nb4
$5 59. Re7+ Kc6 60. Rc8+ (60. Rexf7 c3+ 61. Kc1 Rh3 $13) 60... Kd5 61. Rb7 Nd3
$13 {Absicht Kd4 oder Sc5}) 59. Kc2 Nb4+ 60. Kb3 c2+ 61. Kxb4 c1=Q 62. Re7+ Kb6
63. Rb8+ 1/2-1/2

[Event "RUS-ch U18"]
[Site "Moscow"]
[Date "1995.??.??"]
[Round "4"]
[White "Lugovoi, Aleksei"]
[Black "Malakhov, Vladimir"]
[Result "0-1"]
[WhiteElo "2485"]
[BlackElo "2395"]
[Annotator "Hecht,H"]
[PlyCount "120"]
[EventDate "1995.??.??"]
[EventType "tourn"]
[EventRounds "11"]
[EventCountry "RUS"]
[EventCategory "8"]
[SourceTitle "CBM 046"]
[Source "ChessBase"]
[SourceDate "1995.06.01"]
[SourceVersion "1"]
[SourceVersionDate "1995.06.01"]
[SourceQuality "1"]

1. d4 c5 2. d5 d6 3. c4 e5 4. e4 Be7 5. Nf3 Bg4 6. Be2 Bxf3 7. Bxf3 Bg5 8. Bxg5
Qxg5 9. O-O g6 10. Qa4+ Kf8 11. Nc3 Kg7 12. Rab1 Qe7 13. b4 Na6 14. a3 Nf6 15.
Qb3 h5 16. Qa2 Rac8 17. Bd1 h4 18. Ba4 Nb8 19. f3 Nh5 20. Nb5 b6 21. Rfd1 Nf4
22. Nc3 Rh5 23. Rd2 Rg5 24. Kh1 f5 25. Rbd1 a6 26. Bc6 fxe4 27. Nxe4 Rf5 28.
bxc5 bxc5 29. Qb3 Nh5 30. Qb7 Qxb7 31. Bxb7 Rd8 32. Rb2 Nf6 33. Nxf6 Kxf6 34.
Rb6 Rf4 35. Rc1 e4 36. fxe4 Ke5 37. Bxa6 Nxa6 38. Rxa6 Rb8 39. Ra7 Kxe4 40. Ra6
(40. Rd1 {/\Re7}) 40... Rf6 {TrotzMinusbauern steht Schwarz besser wegen
seiner aktiven RR, die auf die 2 Reihe zu kommen drohen.} 41. Ra7 Kd3 42. Re7
Rb2 43. h3 Rff2 44. Re6 Rxg2 45. Rd1+ Kxc4 46. Re4+ Kb5 47. a4+ Ka5 48. Re6
Rh2+ 49. Kg1 Rbg2+ 50. Kf1 Rg3 51. Rxd6 Rhxh3 52. Rd8 Rh1+ 53. Ke2 Rxd1 54.
Kxd1 Kxa4 55. Ke2 c4 56. d6 Kb5 57. Rh8 Rd3 58. Rb8+ Kc5 59. Rc8+ Kb4 60. Rc6
g5 0-1

[Event "Baden Casino op 3rd"]
[Site "Baden"]
[Date "1998.04.16"]
[Round "7"]
[White "Khenkin, Igor"]
[Black "Rogers, Ian"]
[Result "1-0"]
[WhiteElo "2565"]
[BlackElo "2570"]
[Annotator "Khenkin,I"]
[PlyCount "81"]
[EventDate "1998.04.10"]
[EventType "swiss"]
[EventRounds "9"]
[EventCountry "SUI"]
[SourceTitle "CBM 064 Extra"]
[Source "ChessBase"]
[SourceDate "1998.07.07"]
[SourceVersion "1"]
[SourceVersionDate "1998.07.07"]
[SourceQuality "1"]

1. d4 c5 2. d5 e5 3. e4 d6 4. Bb5+ $1 Nd7 5. a4 g6 (5... Be7 $6 6. Nf3 $16) 6.
Nc3 Bh6 $6 (6... Bg7 $142 $14) 7. Bxh6 Nxh6 8. Qd2 Ng8 (8... Ng4 9. h3 Ngf6 10.
Nf3 Qe7 (10... O-O $2 11. Qh6 $1 $16) 11. a5 $1 a6 12. Be2 $16) 9. f4 exf4 10.
Qxf4 Qf6 11. Qg3 h5 12. O-O-O $1 h4 13. Qe3 Qe7 (13... Nh6 14. h3 $1 Kf8 15.
Rf1 $1 Qe7 16. Nf3 Ne5 17. Qf4 a6 18. Be2 Nxf3 19. gxf3 $1 $16) (13... Kf8 $1
14. Rf1 Qg7 (14... Qe7 15. Nf3 Ne5 16. Qf4 $1 a6 17. Be2 $16) 15. Nf3 Qh6 $1
16. Qxh6+ (16. Ng5 Ne5 $13) 16... Rxh6 17. Bxd7 Bxd7 18. e5 $14) 14. Nf3 Ngf6 {
[#]} 15. e5 $1 $16 Ng4 (15... Kf8 16. e6 $1 $16) 16. Qd2 Ngxe5 17. Nxe5 dxe5
18. d6 Qe6 19. Nd5 Kf8 (19... Qxd6 20. Bxd7+ Bxd7 21. Qg5 Kf8 22. Nf6 $18) 20.
Qg5 $1 Rb8 $8 (20... Qxd6 21. Bxd7 Qxd7 22. Qf6 $1 Rh5 23. Ne3 $18) (20... f6
21. Bxd7 $1 $18) 21. Nc7 Qf6 (21... Qa2 22. Bxd7 Bxd7 (22... Qa1+ 23. Kd2 Qxb2
24. Ne6+ $1 Kg8 $8 25. Rb1 $18) 23. Qe7+ Kg7 24. Qxd7 Rhd8 (24... Qa1+ 25. Kd2
Qxb2 26. Qb5 $1 Qd4+ 27. Kc1 Qa1+ 28. Qb1 Qxa4 29. Qb2 $1 $18) 25. Qe7 Qa1+ 26.
Kd2 Qxb2 27. Ne6+ Kg8 28. Rb1 $1 $18) 22. Qxf6 Nxf6 23. d7 Bxd7 24. Bxd7 Rd8
25. Bh3 $1 $18 Kg7 26. Rxd8 $1 Rxd8 27. Rd1 Rd4 $6 (27... Rxd1+ 28. Kxd1 Ne4
29. Bd7 $18) 28. Rxd4 cxd4 29. Nb5 Nd5 (29... a5 30. Nd6 b6 31. Nc4 $18) 30.
Bc8 $1 (30. Nxa7 f5) 30... Nb6 31. Bxb7 Nxa4 32. Nxa7 f5 33. Nc8 $1 Kf6 34. Bc6
Nxb2 (34... Nc5 35. b4 Na6 36. b5 Nb4 37. Bd7 e4 38. b6 e3 39. b7 Na6 40. Bb5
Nb8 41. Nb6 $18) 35. Kxb2 e4 36. Kc1 g5 37. Bb7 Ke5 38. Ne7 h3 39. gxh3 f4 40.
Nc6+ Kd5 41. Na5+ $1 1-0

[Event "RUS-Cup9"]
[Site "Novgorod"]
[Date "1997.06.22"]
[Round "9"]
[White "Galliamova, Alisa"]
[Black "Morozevich, Alexander"]
[Result "1-0"]
[WhiteElo "2440"]
[BlackElo "2595"]
[Annotator "Petursson,M"]
[PlyCount "87"]
[EventDate "1997.06.11"]
[EventType "swiss"]
[EventRounds "9"]
[EventCountry "RUS"]
[SourceTitle "CBM 060"]
[Source "ChessBase"]
[SourceDate "1997.09.29"]
[SourceVersion "1"]
[SourceVersionDate "1997.09.29"]
[SourceQuality "1"]

1. d4 c5 2. d5 d6 3. c4 e5 4. e4 g6 5. Nc3 h5 6. Bd3 Bh6 7. Bxh6 Rxh6 8. Qd2
Qe7 9. O-O-O Kf8 10. f4 exf4 11. Qxf4 g5 12. Qd2 Nd7 13. h4 g4 14. Nge2 Ne5 15.
Ng3 Qf6 16. Rdf1 Qh8 17. Nce2 Ne7 18. Nf4 Kg8 19. Be2 N7g6 20. Rf2 Bd7 21. Rhf1
Nxf4 22. Rxf4 Kf8 23. Qe3 a6 24. Qf2 Ke8 25. Kb1 Kd8 26. a3 Kc7 27. Ka2 a5 28.
Qe3 a4 29. Qc3 Ra6 30. Bd1 Kb8 31. R1f2 Qd8 32. Rxf7 $1 Qxh4 33. Rxd7 $1 Nxd7
34. Rf7 Ne5 35. Nf5 Qh1 36. Rf8+ Ka7 {[%tqu "En","Can you find the strongest
move for White?","It is stronger than Nxh6","He is attacking your bishop on d1.
Can you use that piece for something good?","d1a4","",15,"f5h6","",0]} 37. Bxa4
$1 (37. Nxh6 Qxd1 38. Nf5 Nd3 $2 (38... h4 $1 $13) 39. Ne3 Qe2 40. Qh8 $1 Kb6
$16) 37... Rxa4 38. Qb3 $1 (38. Nxh6 Qxg2 39. Nf5 Nxc4 40. Kb3 $1 Rxa3+ $5 41.
bxa3 Nd2+ 42. Ka2 Nc4+ 43. Kb1 Qxe4+ 44. Kc1 Qh1+ 45. Kc2 Qe4+ $11) 38... Ra5 (
38... Rxc4 39. Ne7 $1 Rh7 40. Nc8+ Kb8 41. Nb6+ Kc7 42. Rc8#) (38... Ra6 39.
Ne7 b6 40. Qb5 Qxg2 (40... Qc1 41. Nc6+ Nxc6 42. Rf7+ Kb8 43. Qxa6 $18)) {
[%tqu "En","Can you find a very strong winning move?","It is much stronger
than Nf5xh6  You should threaten mate in a few moves!","Make a knight move to
threaten check with mate to follow!","f5e7","A very difficult move!!",10,
"f5h6","",0]} 39. Ne7 $3 {A very difficult move!} (39. Nxh6 $2 Qc1 $1 (39...
Qxg2 40. Nf5 $16) 40. Nf5 Nxc4 41. Rf7 Rxa3+ $3 42. bxa3 Qd2+ 43. Kb1 Qe1+ 44.
Ka2 Qd2+ $11) 39... b5 (39... Nd7 40. Rf7 $1 Ka8 41. Nc6 $1 Qe1 42. Rxd7 b5 43.
Qxb5 Rxb5 44. Ra7#) 40. cxb5 Qe1 (40... Kb6 41. Rb8+ Kc7 42. Nc6 $1 $18) 41.
Nc6+ Nxc6 42. b6+ Kb7 43. dxc6+ Kxc6 44. Rc8+ 1-0

[Event "RUS-ch sf 58th"]
[Site "Kazan"]
[Date "2005.09.06"]
[Round "4"]
[White "Smirnov, Pavel"]
[Black "Vorobiov, Evgeny E"]
[Result "1-0"]
[WhiteElo "2635"]
[BlackElo "2552"]
[Annotator "Postny,E"]
[PlyCount "59"]
[EventDate "2005.09.03"]
[EventType "swiss"]
[EventRounds "9"]
[EventCountry "RUS"]
[SourceTitle "CBM 109"]
[Source "ChessBase"]
[SourceDate "2005.11.14"]
[SourceVersion "1"]
[SourceVersionDate "2005.11.14"]
[SourceQuality "1"]

1. d4 c5 2. d5 e5 3. e4 d6 4. Nc3 {White can also play 4.c2-c4, getting a
closed Benoni setup, but the move in the text keeps White an option to bring
his knight to c4.} Nd7 ({Another well-known theoretical line is} 4... Be7 {
[%cal Ge7g5] with an attempt to exchange the dark-squared bishops which
basically favour Black in this setup.}) 5. Be2 a6 {[%cal Gb7b5]} (5... g6 6.
Nf3 h5 7. Nd2 Bh6 8. a4 Kf8 9. a5 Ngf6 10. Nc4 Bxc1 11. Qxc1 Qe7 12. O-O Ne8
13. Qe3 Kg7 14. f4 exf4 15. Qxf4 f6 16. Rf2 $14 {1/2-1/2 Polgar,Z-Larsen,B/
Vienna 1993/TD (46)}) 6. a4 g6 7. Nf3 Bg7 8. Nd2 {Transfering the knight to
the ideal square c4.} Ne7 (8... Ngf6 9. Nc4 Nb6 10. Ne3 a5 11. Bb5+ Kf8 12. O-O
h5 13. Be2 Bh6 14. g3 Qe7 15. Ng2 Bxc1 16. Qxc1 Kg7 17. Qe3 Bh3 18. f3 h4 19.
g4 Bxg2 20. Kxg2 Nh7 $11 {1/2-1/2 Ghitescu,T-Reicher,E/Sovata 1997/EXT 2000 
(42)}) (8... Nh6 9. a5 f5 10. Nc4 Nf7 11. exf5 gxf5 12. Bh5 Nf6 13. Bxf7+ Kxf7
14. Bg5 Rf8 15. f4 Kg8 16. O-O e4 17. Na4 Qc7 18. Nab6 Rb8 19. Ra3 $14 {
0-1 Inkiov,V-Waldmann,H/Bad Wildbad 2002/CBM 090 ext (66)}) 9. Nc4 Nb6 (9...
Qc7 10. h4 h6 11. a5 O-O 12. h5 g5 13. Bg4 Rb8 14. Qe2 f5 15. Bxf5 Nxf5 16.
exf5 Rxf5 17. Ne4 $16 {1-0 Roussel Roozmon,T-Quan Zhe/Montreal 2003/CBM 093
ext (47)}) 10. Ne3 {Obviously, White should avoid the exchange of pieces which
favour a side with less space.} f5 $6 {[%mdl 16384] This is very risky, since
Black hasn't castle yet, and this game proves it convincingly.} (10... O-O 11.
a5 Nd7 $14) 11. a5 f4 $6 {Consequently continuing the wrong idea. It was
better to keep the pressure in the centre, though white's advantage is
indisputable.} (11... Nd7 12. exf5 gxf5 13. Bh5+ Kf8 14. Nc4 Nf6 15. Bg5 Ng6
16. O-O Qe7 17. Ra3 Bd7 18. Rb3 $16 {0-1 Jugow,A-Rotshtein,E/Freudenstadt 2002/
EXT 2003 (55)}) 12. axb6 fxe3 13. Bxe3 Qxb6 $146 (13... O-O 14. b4 $1 Qxb6 15.
bxc5 Qb4 16. Qd2 dxc5 17. O-O c4 18. d6 {[%csl Rb4,Re7][%cal Gf1b1] 1-0
Parulava,T-Koch,H/Germany 1998/EXT 2000 (18)}) 14. Bb5+ $1 {Forcing black to
lose his right to castle.} Bd7 (14... Kf7 15. b4 {is also very unattractive
for black.}) 15. Bxd7+ Kxd7 16. O-O Qd8 17. b4 $1 {This looks like the most
effective continuation. At a price of a pawn or even two White's pieces will
invade into Black's camp with devastating results.} cxb4 18. Na4 Nc8 19. c4 $1
{[%cal Gc4c5]} bxc3 (19... b6 20. Nb2 $1 a5 21. Nd3 Rb8 22. Qa4+ Ke7 23. Bg5+
Bf6 24. Bxf6+ Kxf6 25. f4 $40) 20. Qb3 Rb8 21. Nxc3 Ke8 22. Rxa6 $18 {White
quickly gained back the sacrificed pawn. His position is clearly winning. The
difference in activity between the white and black pieces is amazing.} Rf8 23.
Raa1 (23. Ra4 $18 {[%csl Rb7][%cal Ga4b4]}) 23... Rf7 24. Nb5 Rd7 25. Rfc1 Ne7
26. Qd3 Kf7 27. Ba7 $1 Ra8 28. Qh3 Nc8 29. Be3 Rxa1 30. Rxa1 {[%cal Ga1a8]
Black is totally paralysed. Therefore he resigned, without waiting for the
inevitable material losses.} 1-0

[Event "GER-ch 73th"]
[Site "Altenkirchen"]
[Date "2001.12.04"]
[Round "5"]
[White "Prusikin, Michael"]
[Black "Berezovsky, Igor"]
[Result "1-0"]
[WhiteElo "2506"]
[BlackElo "2432"]
[Annotator "Prusikin,M"]
[PlyCount "87"]
[EventDate "2001.11.30"]
[EventType "swiss"]
[EventRounds "9"]
[EventCountry "GER"]
[SourceTitle "CBM 087"]
[Source "ChessBase"]
[SourceDate "2002.03.21"]
[SourceVersion "1"]
[SourceVersionDate "2002.03.21"]
[SourceQuality "1"]

1. d4 c5 (1... Nf6 2. c4 c5 3. d5 e5 {ist möglicherweise die genauere Zugfolge,
wenn man Altbenoni anstrebt.}) 2. d5 e5 3. Nc3 {'!' Wahrscheinlich
Geschmackssache, aber mir kommt der Plan stärker vor, als der Aufbau mit c2-c4.
} d6 4. e4 a6 {Gegen Bf1-b5+ gerichtet.} (4... Be7 5. Bb5+ Nd7 6. a4 $14) 5. a4
Be7 6. a5 {'!'} Bg5 7. Bxg5 Qxg5 8. Nf3 Qd8 (8... Qe7) 9. Nd2 {'+/-' Schwarz
hat zwar ein strategisches Ziel (den Tausch der schwarzfeldrigen LL) erreicht,
aber dafür hat er auch recht viele Zugeständnisse machen müssen: Der
Raumvorteil und die Schwächen in der schwarzen Struktur (vor allem b6 und d6)
sichern Weiß einen deutlichen Vorteil.} Ne7 10. Be2 {'N'} O-O 11. Nc4 Ng6 12.
g3 Bh3 13. Bg4 {'?!' Die richtige Idee in der falschen Ausführung.} (13. Nb6
Ra7 14. Bg4 $16) 13... Bxg4 14. Qxg4 Nd7 {'!'} 15. Qf3 (15. Nxd6 $4 Nf6 $19)
15... Qc7 {Auch hier steht der weiße Vorteil außer Frage, aber immerhin konnte
Schwarz die Entwicklung beenden.} 16. h4 Ne7 17. Ne3 (17. g4 $5 Ng6 18. Ne2)
17... b5 18. axb6 Qxb6 19. Ra2 Rfb8 20. O-O Rb7 21. Rfa1 Nb8 22. Nc4 Qd8 23.
Nd1 {'!' Überführt die am wenigsten effiziente Figur auf das Traumfeld e3.} h6
24. Nde3 Raa7 25. Qg4 Qd7 26. Qf3 Qd8 27. b3 Rd7 28. Qg4 Nc8 29. f4 {'!' Die
Schwäche a6 verteidigt Schwarz mühelos - der Kampf auf zwei Fronten wird ihn
aber überfordern} exf4 30. Qxf4 Nb6 31. Nd2 {'!' Die schwarzen Figuren treten
sich gegenseitig auf die Füße - also kein Abtausch!} Rac7 32. Rf1 Rc8 33. Qg4
Kh8 34. c4 {'!' Keine leichte Entscheidung, auf den Stützpunkt c4 zu
verzichten, aber jetzt bekomme ich dafür die Möglichkeit, in wenigen Zügen
alle Figuren auf dem Königsflügel zu konzentrieren.} Qe7 35. Nf5 Qf6 36. Nf3
Re8 37. Raf2 Rdd8 {Diagramm [#]} 38. Ng5 {'+-!' Nicht der einzige Gewinnweg,
aber wohl der klarste.} hxg5 39. hxg5 Qg6 40. Rh2+ Kg8 41. Qh4 f6 42. gxf6 Qxf6
43. Ne7+ Rxe7 44. Rxf6 1-0